000 00723nam a2200289Ia 4500
005 20260324112334.0
008 008 260324s9999 xx 000 0 eng d
020 _a9781003303657
037 _aEBOOK
040 _aCRL
040 _beng
040 _cCRL
041 _2eng
041 _aeng
084 _qCRL
100 _aJohn Hanwell Riker
_91142283
245 0 _aKohut's Self Psychology for a Fractured World
245 0 _bNew Ways of Understanding the Self and Human Community
260 _bTaylor and Francis
260 _c2024
365 _a
365 _b220
856 _uhttp://www.taylorfrancis.com/books/9781003303657
942 _cEBOOK
999 _c1731449
_d1731449